000150211 001__ 150211
000150211 005__ 20251017144646.0
000150211 0248_ $$2sideral$$a142448
000150211 037__ $$aART-2019-142448
000150211 041__ $$aspa
000150211 100__ $$0(orcid)0000-0003-3459-5965$$aPallarés Jiménez, Miguel Ángel$$uUniversidad de Zaragoza
000150211 245__ $$aIntención didáctica de Pablo Garcia Romeo en su Tratado de la Unión, tesoro y reparo de labradores de Cosuenda (Zaragoza: Diego Dormer, menor, 1654). Contratos de impresión de dicha obra
000150211 260__ $$c2019
000150211 5060_ $$aAccess copy available to the general public$$fUnrestricted
000150211 5203_ $$aAl conocer los contratos para publicar el Tratado de la execución de la unión, tesoro y reparo de labradores del lugar de Cosuenda, del licenciado Pablo García Romeo, libro que había de ser fundamental para el devenir económico y social de esta localidad aragonesa, quedan absolutamente despejadas las intenciones didácticas del autor, que pretendió difundir su proyecto agrícola con una edición de 1.500 ejemplares, una importante tirada para la época. Por su interés, el manejo de textos de este tipo sería deseable cuando se considera la historia económica en la formación de postgrado de los historiadores
000150211 540__ $$9info:eu-repo/semantics/openAccess$$aby$$uhttps://creativecommons.org/licenses/by/4.0/deed.es
000150211 655_4 $$ainfo:eu-repo/semantics/article$$vinfo:eu-repo/semantics/publishedVersion
000150211 7102_ $$14006$$2210$$aUniversidad de Zaragoza$$bDpto. Didác.Leng.y CC.HH.y SS.$$cÁrea Didáctica Ciencias Socia.
000150211 773__ $$g24 (2019), 247-270$$pTuriaso$$tTuriaso$$x0211-7207
000150211 8564_ $$s2061612$$uhttps://zaguan.unizar.es/record/150211/files/texto_completo.pdf$$yVersión publicada
000150211 8564_ $$s805030$$uhttps://zaguan.unizar.es/record/150211/files/texto_completo.jpg?subformat=icon$$xicon$$yVersión publicada
000150211 909CO $$ooai:zaguan.unizar.es:150211$$particulos$$pdriver
000150211 951__ $$a2025-10-17-14:34:04
000150211 980__ $$aARTICLE